000 00735nam a2200193Ia 4500
008 0000001987 ck a 0000000000spa00
090 _aPSP00 C17j
100 1 _aCastillo, Jorge
_d1933
245 1 0 _aJorge Castillo
_b: pinturas recientes
300 _a[28] p.
_c/ 29 cm.
500 _aExposición realizada en la Galería Fernando Quintana, Bogotá, Marzo, 1987 \ Con el patronazgo del maestro venezolano Jesús Rafael Soto (q.e.p.d.)
600 0 0 _aCASTILLO, JORGE, 1933/
_xTRABAJOS PICTORICOS
650 1 4 _aARTE CONTEMPORANEO ESPAÑOL
650 1 4 _xCATALOGOS
650 1 4 _xEXPOSICIONES
650 1 4 _aPINTORES ESPAÑOLES
650 1 4 _aPINTURA ESPAÑOLA
999 _c6695
_d6695
260 _aBogotá : Galería Fernando Quintana
_c1987